| 000 | 00593nam a2200205 a 4500 | ||
|---|---|---|---|
| 001 | 20398 | ||
| 003 | CO-ViMGA | ||
| 008 | 141112s2004 ck r 000 u spa d | ||
| 020 | _a8434811634 | ||
| 040 |
_aCO-ViMGA _bspa _cCO-ViMGA |
||
| 082 | 0 | 4 | _a837.736 G746e |
| 100 | 1 | _aGripe, Maria | |
| 245 | 1 | 0 | _aLos escarabajos vuelan al atardecer |
| 260 |
_aMadrid : _bEdiciones SM, _c1986 |
||
| 300 | _a227p | ||
| 500 | _aEn : 3 | ||
| 590 | _aForma de adquisición : Donación - - Precio : 12000 - - Fecha de adquisición : Marzo 2006 | ||
| 650 | 1 | 4 |
_aNOVELA JUVENIL SUECA _929451 |
| 942 |
_2ddc _cBK |
||
| 999 |
_c29399 _d29399 |
||